Middle Members! Quiz Stats

 Plays Quiz Updated Oct 3, 2018

Score 0/63 Timer 01:00
2 Plays Today
Hint Answer % Correct
Five-Letter World CapitalsYaren
80.2%
Five-Letter World CapitalsVaduz
80%
Five-Letter World CapitalsAbuja
80%
Five-Letter World CapitalsTunis
79.6%
Five-Letter World CapitalsAccra
79.5%
Five-Letter World CapitalsTokyo
79.5%
Five-Letter World CapitalsAmman
78.9%
Five-Letter World CapitalsCairo
78.6%
New Testament BooksTitus
76.1%
New Testament BooksActs
75.7%
New Testament BooksTimothy
75.6%
New Testament BooksThessalonians
75.3%
New Testament BooksRomans
75.2%
Five-Letter World CapitalsSofia
75%
Five-Letter World CapitalsSeoul
74.2%
New Testament BooksColossians
73.9%
New Testament BooksRevelation to John
73.7%
Five-Letter World CapitalsDakar
73.7%
New Testament BooksCorinthians
73.7%
Five-Letter World CapitalsDhaka
73.2%
Five-Letter World CapitalsSana'a
73.2%
New Testament BooksEphesians
72.8%
Five-Letter World CapitalsRabat
72.6%
New Testament BooksGalatians
72.4%
Five-Letter World CapitalsHanoi
72%
New Testament BooksHebrews
71.7%
New Testament BooksPhilippians
71.7%
Five-Letter World CapitalsQuito
71.6%
New Testament BooksPhilemon
71.2%
New Testament BooksJames
71.2%
New Testament BooksPeter
70.8%
Five-Letter World CapitalsKabul
70.5%
Hint Answer % Correct
Five-Letter World CapitalsLa Paz
69.4%
Songs from Mamma Mia!*Chiquitita
69.3%
Songs from Mamma Mia!*Dancing Queen
69.3%
New Testament Books(The epistles of) John
68.5%
Five-Letter World CapitalsMinsk
68.5%
New Testament Books(Gospel of) John
68.1%
Five-Letter World CapitalsPraia
67.5%
New Testament BooksMatthew
66.5%
Five-Letter World Capitals☆ Paris ☆
66.3%
New Testament BooksMark
62.8%
Songs from Mamma Mia!*Does Your Mother Know
60.8%
Songs from Mamma Mia!*Gimme! Gimme! Gimme!
60.3%
Songs from Mamma Mia!*Honey, Honey
59.3%
Songs from Mamma Mia!*I Do, I Do, I Do, I Do, I Do
58.9%
Songs from Mamma Mia!*I Have a Dream
58.8%
Songs from Mamma Mia!*Lay All Your Love on Me
58.5%
Songs from Mamma Mia!*Mamma Mia
58.2%
New Testament BooksJude
56.3%
New Testament Books☆ Luke ☆
54.2%
Songs from Mamma Mia!*When All Is Said and Done
34.7%
Songs from Mamma Mia!*Waterloo
34.7%
Songs from Mamma Mia!*Voulez-Vous
26.1%
Songs from Mamma Mia!*The Winner Takes It All
25.1%
Songs from Mamma Mia!*The Name of the Game
22%
Songs from Mamma Mia!*Thank You for the Music
21.3%
Songs from Mamma Mia!*Take a Chance on Me
20.3%
Songs from Mamma Mia!*Super Trouper
15.6%
Songs from Mamma Mia!*Money, Money, Money
14%
Songs from Mamma Mia!*SOS
13%
Songs from Mamma Mia!*Slipping Through My Fingers
6.7%
Songs from Mamma Mia!*☆ Our Last Summer ☆
5.9%

You're not logged in!

Compare scores with friends on all Sporcle quizzes.
OR
Log In

Sporcle TV

Today on Sporcle TV


Watch our educational content, quiz creation guides, and fun videos on Sporcle TV.

Show Comments

Extras

Top Quizzes Today


Score Distribution

Your Account Isn't Verified!

In order to create a playlist on Sporcle, you need to verify the email address you used during registration. Go to your Sporcle Settings to finish the process.

Report this User

Report this user for behavior that violates our Community Guidelines.

Details: